[Event "AUTO-MASTER-2594"]
[Site "http://www.queenalice.com/game.php?id=1478269"]
[Date "2017.5.15"]
[Round "1"]
[White "zolaweed"]
[Black "miltonloviski"]
[Result "0-1"]
[WhiteElo "1885"]
[BlackElo "2006"]

1. e4 e5 2. Nf3 Qf6 3. b3 Bc5 4. Bb2 d6 5. Be2 g5 6. d4 Bb6 7. dxe5 Qg7 8. Na3
Nd7 9. Nc4 dxe5 10. Ncxe5 g4 11. Nd3 f6 12. Nh4 h5 13. Nf5 Qf7 14. f3 gxf3 15.
gxf3 Nc5 16. Nb4 Bxf5 17. exf5 Rd8 18. Qc1 Qd7 19. Qe3+ Kf7 20. Bc4+ Kf8 21. Be6
Nxe6 22. fxe6 Bxe3 23. exd7 Rh7 24. Nd5 Bb6 25. Nxf6 Nxf6 26. Bxf6 Rdxd7 27. h4
Rdf7 28. Bg5 Rxf3 29. O-O-O Be3+ 30. Bxe3 Rxe3 31. Kb2 Rf7 32. Rd2 Re5 33. a4
Ke7 34. Rhh2 Rf4 35. Rh3 Ree4 0-1

[Event "AUTO-MASTER-2594"]
[Site "http://www.queenalice.com/game.php?id=1478280"]
[Date "2017.5.15"]
[Round "1"]
[White "cerenzo72"]
[Black "zolaweed"]
[Result "1-0"]
[WhiteElo "2184"]
[BlackElo "1931"]

1. b3 e5 2. Bb2 Nc6 3. e3 g6 4. Bb5 Nge7 5. Nf3 Bg7 6. Nc3 O-O 7. O-O d5 8. d4
Bg4 9. Be2 Bxf3 10. Bxf3 exd4 11. exd4 Nxd4 12. Rc1 Nef5 13. Bxd5 Ne2+ 14. Qxe2
Bxc3 15. Bxf7+ Rxf7 16. Bxc3 Qg5 17. Qe5 Rg7 18. Qe6+ Rf7 19. Rcd1 Qe7 20. Qc4
b6 21. Rfe1 Nd6 22. Rxe7 Nxc4 23. Rxf7 Kxf7 24. bxc4 1-0

[Event "AUTO-MASTER-2594"]
[Site "http://www.queenalice.com/game.php?id=1478281"]
[Date "2017.5.15"]
[Round "1"]
[White "zolaweed"]
[Black "cerenzo72"]
[Result "0-1"]
[WhiteElo "1997"]
[BlackElo "2205"]

1. e4 e5 2. Nf3 Nc6 3. d4 exd4 4. Nxd4 Nf6 5. Bg5 Be7 6. Nc3 O-O 7. Qd2 Nxd4 8.
Qxd4 c5 9. Qe3 Ng4 10. Qg3 Bxg5 11. Qxg4 d5 12. Qf3 dxe4 13. Nxe4 Bf5 14. Qxf5
Re8 15. f4 g6 16. Qxg5 Rxe4+ 17. Kf2 Qd4+ 18. Kg3 Re3+ 19. Kh4 Kg7 20. g3 f6 21.
Qg4 f5 22. Qd1 g5+ 0-1

[Event "AUTO-MASTER-2594"]
[Site "http://www.queenalice.com/game.php?id=1478286"]
[Date "2017.5.15"]
[Round "1"]
[White "areis"]
[Black "zolaweed"]
[Result "1-0"]
[WhiteElo "2070"]
[BlackElo "1961"]

1. d4 c5 2. Nf3 Nc6 3. Bf4 e6 4. e3 a6 5. c3 Nf6 6. h3 Be7 7. Bd3 d5 8. Ne5 Nxe5
9. Bxe5 Bd6 10. Bxd6 Qxd6 11. O-O e5 12. dxe5 Qxe5 13. Nd2 b5 14. Nf3 Qh5 15.
Nh2 Qh6 16. Qf3 O-O 17. Rad1 Be6 18. Rfe1 Nd7 19. Qg3 Rad8 20. Be2 Nf6 21. Bf3
Ne4 22. Bxe4 dxe4 23. Ng4 Qh5 24. Nf6+ 1-0

[Event "AUTO-MASTER-2594"]
[Site "http://www.queenalice.com/game.php?id=1478287"]
[Date "2017.5.15"]
[Round "1"]
[White "zolaweed"]
[Black "areis"]
[Result "0-1"]
[WhiteElo "1734"]
[BlackElo "2067"]

1. e4 e6 2. d4 d5 3. e5 c5 4. c3 Nc6 5. Nf3 Qb6 6. a4 Bd7 7. Na3 a6 8. Nc2 cxd4
9. cxd4 Bb4+ 10. Nxb4 Qxb4+ 11. Qd2 Nge7 12. Qc3 Rc8 13. Bd2 Qxc3 14. bxc3 Na5
15. Ra3 Nc4 16. Bxc4 Rxc4 17. a5 O-O 18. O-O Rfc8 19. Rc1 Ra4 20. Rca1 Rxa3 21.
Rxa3 Rc4 22. h3 Bb5 23. Bg5 Kf8 24. Nd2 Rc8 25. Nf1 Nc6 26. Bd2 Na7 27. Ne3 Bc4
28. Nxc4 Rxc4 29. Rb3 Nb5 30. Kf1 Ra4 31. Rb1 Ke8 32. Ke1 Kd7 33. Kd1 Kc8 34.
Ke2 Ra2 35. Kd3 Na3 36. Rc1 Nc4 37. Be1 Rxa5 38. f4 Ra2 39. g4 b5 40. f5 Kd7 41.
Bg3 Rg2 42. Be1 Rh2 43. h4 Rh3+ 44. Kc2 Kc6 45. fxe6 fxe6 46. g5 Rf3 47. Kb3 a5
48. Ka2 Re3 49. Kb3 Re2 50. Rb1 Nd2+ 51. Bxd2 Rxd2 52. Rh1 Rf2 53. Rh3 Kb6 54.
Rh1 Ka6 55. Rh3 Rf1 56. Rh2 Kb6 57. Rh3 Kc7 58. Rh2 Rf3 0-1

[Event "AUTO-ADV-3771"]
[Site "http://www.queenalice.com/game.php?id=1480188"]
[Date "2017.5.29"]
[Round "2"]
[White "AyltonChessGM"]
[Black "zolaweed"]
[Result "1-0"]
[WhiteElo "2332"]
[BlackElo "1912"]

1. d4 c5 2. e3 cxd4 3. exd4 d5 4. Nf3 Nc6 5. Be2 Nf6 6. O-O e6 7. a3 Be7 8. h3
O-O 9. Be3 Bd7 10. Nbd2 Qc7 11. c4 h6 12. Rc1 Qb6 13. Qc2 dxc4 14. d5 1-0

[Event "AUTO-ADV-3771"]
[Site "http://www.queenalice.com/game.php?id=1480189"]
[Date "2017.5.29"]
[Round "2"]
[White "zolaweed"]
[Black "AyltonChessGM"]
[Result "0-1"]
[WhiteElo "1887"]
[BlackElo "2277"]

1. e4 c5 2. Nf3 Nc6 3. Bc4 e6 4. O-O d5 5. exd5 exd5 6. Be2 Nf6 7. d4 h6 8. c4
dxc4 9. Bxc4 Nxd4 10. Re1+ Be7 11. Ne5 O-O 12. Nc3 a6 13. a4 Be6 14. Bxe6 Nxe6
15. Qf3 Qc8 16. b3 Rb8 17. Rb1 Nh7 18. Nd5 Bf6 19. Nxf6+ Nxf6 0-1

[Event "AUTO-ADV-3771"]
[Site "http://www.queenalice.com/game.php?id=1480192"]
[Date "2017.5.29"]
[Round "2"]
[White "zolaweed"]
[Black "bouley"]
[Result "0-1"]
[WhiteElo "1907"]
[BlackElo "2052"]

1. e4 Nc6 2. Nf3 d6 3. h3 e5 4. Bc4 Be7 5. O-O Nf6 6. d3 O-O 7. Be3 Na5 8. Nbd2
c6 9. a4 Nxc4 10. Nxc4 Be6 11. Ncd2 Qc7 12. a5 b5 13. axb6 axb6 14. Qe2 Qb7 15.
c4 c5 16. Ng5 Bd7 17. f4 h6 18. Ngf3 Nh5 19. Qf2 exf4 20. Bxf4 Nxf4 21. e5 dxe5
22. Nxe5 Ne6 23. Ne4 Be8 24. Qg3 f6 25. Ng6 Nd4 26. Rae1 Ra1 27. Nxf6+ Bxf6 28.
Rxf6 Rxe1+ 29. Qxe1 gxf6 30. Ne7+ Kh7 31. Nd5 Bg6 32. Qf2 Qg7 33. Nxb6 Bxd3 0-1

[Event "AUTO-ADV-3771"]
[Site "http://www.queenalice.com/game.php?id=1480193"]
[Date "2017.5.29"]
[Round "2"]
[White "bouley"]
[Black "zolaweed"]
[Result "0-1"]
[WhiteElo "2030"]
[BlackElo "1883"]

1. e4 c5 2. Nf3 Nc6 3. Bb5 d6 4. Nc3 Bd7 5. d3 g6 6. b3 Bg7 7. Bb2 Nf6 8. O-O
O-O 9. h3 a6 10. Bxc6 bxc6 11. Ne2 e5 12. Ng3 h6 13. c4 Be6 14. Qd2 Nd7 15. a4
Qb8 16. Qc3 f5 17. exf5 gxf5 18. Rfe1 Qe8 19. Qd2 Qf7 20. Rad1 Kh7 21. Nh2 Nf6
22. f4 Nd7 23. fxe5 Nxe5 24. Qf2 Rab8 25. Qc2 Qg6 26. Nhf1 f4 27. Ne4 f3 28.
Nxd6 fxg2 29. Nh2 Bxh3 30. Bxe5 Bxe5 31. Ne4 Bd4+ 32. Nf2 Bxf2+ 33. Qxf2 Rxf2
34. Kxf2 Rf8+ 35. Nf3 Qh5 36. Re7+ Kg8 37. Re3 Qh4+ 38. Kg1 Qf4 39. Rde1 Bg4 40.
Ne5 Qf2+ 41. Kh2 g1=Q# 0-1

[Event "AUTO-ADV-3801"]
[Site "http://www.queenalice.com/game.php?id=1486122"]
[Date "2017.7.15"]
[Round "2"]
[White "The_Clown"]
[Black "zolaweed"]
[Result "1-0"]
[WhiteElo "1806"]
[BlackElo "1748"]

1. e4 c5 2. c4 Nc6 3. g3 Nf6 4. Bg2 e6 5. Nc3 Be7 6. d3 Ne5 7. Bg5 O-O 8. Bf4
Ng6 9. Bg5 h6 10. Bxf6 Bxf6 11. Nf3 a6 12. O-O Rb8 13. Re1 d6 14. d4 cxd4 15.
Nxd4 Qb6 16. Na4 1-0

[Event "AUTO-ADV-3801"]
[Site "http://www.queenalice.com/game.php?id=1486123"]
[Date "2017.7.15"]
[Round "2"]
[White "zolaweed"]
[Black "The_Clown"]
[Result "0-1"]
[WhiteElo "1763"]
[BlackElo "1791"]

1. e4 e5 2. Nf3 d6 3. h3 Nf6 4. d3 Nc6 5. Nc3 d5 6. exd5 Nxd5 7. Bd2 Nf6 8. Be2
Be7 9. O-O O-O 10. Re1 b6 11. Bf1 Bd6 12. Ne4 Nxe4 13. dxe4 Bb7 14. Bc3 Re8 15.
a3 a6 0-1

[Event "AUTO-ADV-3801"]
[Site "http://www.queenalice.com/game.php?id=1486126"]
[Date "2017.7.15"]
[Round "2"]
[White "zolaweed"]
[Black "jlpbarreto"]
[Result "0-1"]
[WhiteElo "1718"]
[BlackElo "1821"]

1. e4 a6 2. d4 b5 3. Nf3 Bb7 4. Bd3 Nf6 5. Qe2 e6 6. Bg5 Be7 7. O-O h6 8. Bh4
O-O 9. Ne5 Nc6 10. Bg3 Nxd4 11. Qd2 d6 12. Nf3 Nxf3+ 13. gxf3 e5 14. Nc3 Nh5 15.
Nd5 Bg5 16. f4 exf4 17. Nxf4 Nxf4 18. Bxf4 Qf6 19. Bxg5 Qxg5+ 20. Qxg5 hxg5 21.
f3 f6 22. Kf2 Kf7 23. b4 Rh8 0-1

[Event "AUTO-ADV-3801"]
[Site "http://www.queenalice.com/game.php?id=1486127"]
[Date "2017.7.15"]
[Round "2"]
[White "jlpbarreto"]
[Black "zolaweed"]
[Result "1-0"]
[WhiteElo "1808"]
[BlackElo "1731"]

1. e4 c5 2. Nf3 Nc6 3. d4 cxd4 4. Nxd4 e5 5. Nf5 d6 6. Bc4 Nf6 7. Bg5 g6 8. Ne3
Qa5+ 9. c3 Nxe4 10. Bxf7+ Kxf7 11. Qf3+ Ke8 12. Qxe4 Be7 13. Bxe7 Nxe7 14. O-O
Rb8 15. Qc4 Bd7 16. Na3 Rc8 17. Qb3 b5 18. Rfd1 Qc7 19. Nd5 Qc5 20. Nf6+ Kd8 21.
Nxd7 Kxd7 22. Qxb5+ Qc6 23. Qxe5 1-0

[Event "AUTO-ADV-3873"]
[Site "http://www.queenalice.com/game.php?id=1487584"]
[Date "2017.7.26"]
[Round "1"]
[White "Daniel1962"]
[Black "zolaweed"]
[Result "1-0"]
[WhiteElo "1950"]
[BlackElo "1789"]

1. c4 c5 2. Nc3 Nc6 3. g3 e6 4. Bg2 Nge7 5. Nf3 g6 6. O-O Bg7 7. d3 O-O 8. Ng5
d5 9. cxd5 exd5 10. e4 d4 11. Nd5 Nxd5 12. exd5 Nb4 13. Qe2 Bf5 14. Ne4 Re8 15.
Qd2 b6 16. d6 1-0

[Event "AUTO-ADV-3873"]
[Site "http://www.queenalice.com/game.php?id=1487585"]
[Date "2017.7.26"]
[Round "1"]
[White "zolaweed"]
[Black "Daniel1962"]
[Result "0-1"]
[WhiteElo "1779"]
[BlackElo "1960"]

1. e4 c5 2. Bc4 e6 3. Nf3 Nc6 4. c3 Bd6 5. d4 cxd4 6. cxd4 Nge7 7. O-O h6 8. Nc3
a6 9. d5 Ne5 10. Bb3 N7g6 11. h3 Nxf3+ 12. Qxf3 O-O 13. Re1 Qc7 14. g3 b5 15. a3
Qb6 0-1

[Event "AUTO-ADV-3873"]
[Site "http://www.queenalice.com/game.php?id=1487598"]
[Date "2017.7.26"]
[Round "1"]
[White "Paulobraz"]
[Black "zolaweed"]
[Result "1-0"]
[WhiteElo "1864"]
[BlackElo "1874"]

1. g3 c5 2. Bg2 d5 3. d3 Nc6 4. Nf3 Nf6 5. O-O e5 6. Bg5 Be7 7. Nc3 a6 8. Nh4
Be6 9. e4 d4 10. Ne2 Nd7 11. Bxe7 Qxe7 12. f4 Bg4 13. Qd2 1-0

[Event "AUTO-ADV-3873"]
[Site "http://www.queenalice.com/game.php?id=1487599"]
[Date "2017.7.26"]
[Round "1"]
[White "zolaweed"]
[Black "Paulobraz"]
[Result "0-1"]
[WhiteElo "1858"]
[BlackElo "1880"]

1. e4 g6 2. d4 Bg7 3. Nf3 d6 4. h3 Nf6 5. Nbd2 O-O 6. b3 Nc6 7. Bb2 d5 8. e5 Nd7
9. c4 dxc4 10. Nxc4 Nb4 11. Be2 b5 12. Ncd2 c6 13. O-O Nd5 0-1

[Event "AUTO-ADV-3873"]
[Site "http://www.queenalice.com/game.php?id=1487608"]
[Date "2017.7.26"]
[Round "1"]
[White "zolaweed"]
[Black "Canaye"]
[Result "0-1"]
[WhiteElo "1816"]
[BlackElo "1866"]

1. e4 e6 2. Nf3 d5 3. exd5 Qxd5 4. Nc3 Qd8 5. d4 c5 6. Be3 cxd4 7. Bxd4 Nc6 8.
Be3 Bb4 9. Bd2 Nf6 10. Bb5 O-O 11. O-O Qc7 12. a3 Bd6 13. Bd3 a6 14. Ne4 Nxe4
15. Bxe4 f5 16. Bd3 e5 17. Bc4+ Kh8 18. Ng5 Nd8 19. Qh5 h6 20. Bb3 Qe7 21. Nf3
Be6 22. Nh4 Rf6 23. Bg5 Bxb3 0-1

[Event "AUTO-ADV-3873"]
[Site "http://www.queenalice.com/game.php?id=1487609"]
[Date "2017.7.26"]
[Round "1"]
[White "Canaye"]
[Black "zolaweed"]
[Result "1-0"]
[WhiteElo "1880"]
[BlackElo "1802"]

1. d4 c5 2. c4 cxd4 3. Qxd4 Nc6 4. Qd1 Nf6 5. Nc3 e6 6. Bg5 Be7 7. e3 d5 8. cxd5
exd5 9. Bxf6 Bxf6 10. Nxd5 Bxb2 11. Rb1 Qa5+ 12. Qd2 Qxd2+ 13. Kxd2 Be5 14. Nf3
Bd6 15. Bb5 Bd7 16. Rhd1 a6 17. Ba4 b5 18. Bc2 Be6 19. Ke1 Rd8 20. Kf1 Bxh2 21.
g3 Bxg3 22. fxg3 Bxd5 23. Ng5 Bxa2 24. Rxd8+ Nxd8 25. Rd1 1-0